000 00615nam a2200217Ia 4500
003 OSt
005 20220925200300.0
006 a|||||r|||| 00| 0
007 ta
008 220923b |||||||| |||| 00| 0 eng d
037 _cGeneral Book
040 _aRTL
_cRTL
_beng
041 _2eng
_aeng
082 _aX9(D66).2.P, P3/TD
111 _aIndia, Power Sector Committee (2001) (Chairman : Montek Ahulwallia)
_9257183
245 0 _aReport
260 _aDelhi
_bAcademic Foundation
_c2003
300 _a424p
_ccm.
942 _hX9(D66).2.P, P3/TD
_cGB
_2CC
999 _c536015
_d536015